000 00821nam a2200265 i 4500
003 DO-SdBNP
005 20250527100352.0
007 ta
008 250527b2024 dr ||||| |||| 00| 0 spa d
020 _a9789945290547
040 _aDO-SdBNP
_bspa
_cBNPHU
_erda
041 _aspa
082 4 _axxx
_bC764hi
_222
100 1 _aContreras, Marivell
_eautor
_4aut.
_912302
245 1 0 _aHilos del caribe /
_cMarivell Contreras ; fotografías, Marivell Contreras.
250 _aPrimera edición
264 4 _aSanto Domingo, República Dominicana :
_bEditora Búho,
_c©2024.
300 _a69 páginas :
_bilustraciones
_c23 cm.
336 _atexto
_btxt
_2rdacontent
337 _asin mediación
_bn
_2rdamedia
338 _avolumen
_bnc
_2rdacarrier
590 _aInventariado, 2025 /LP
910 _aLP
942 _2ddc
_cLBS1
999 _c58639
_d58639